| 000 | 00551nam a2200193 i 4500 | ||
|---|---|---|---|
| 001 | 29328 | ||
| 003 | ES-MaACL | ||
| 005 | 20230906154019.0 | ||
| 007 | t| | ||
| 008 | 030121s1961 sp ||||1| spa d | ||
| 100 | 1 |
_aBallester Escalas, R. _925014 |
|
| 245 | 1 | 0 |
_aLiteratura universal / _cpor R. Ballester Escalas. |
| 260 |
_aBarcelona : _bGassó, _c[1961] ( _fSocitra) |
||
| 300 |
_a411 p. ; _c22 cm. |
||
| 490 | 1 | _aEnciclopedia Gassó | |
| 830 | 0 |
_aEnciclopedia Gassó _9229293 |
|
| 852 |
_aES-MaACL _jC-20144 _bR.48665 |
||
| 999 |
_c29328 _d29328 |
||